00458nam a22001697a 450000500170000001000150001702000260003203500140005803700090007208200110008110000230009224500400011525000060015526000430016127000640020430000200026820260604122338.0 aENG-148748 a9789347435782c399.00 aEN-132280 bDBAD a88121 aSapra, Shyla Kumar aWhere i Am From/cShyla Kumar Sapra a1 aNew DelhibHar Anand Publicationc2026 aE-49/3, Okhla Industrial Area, Phase-II,bNew Delhie110020 a143p.c22cm(hb)